Datum a čas kvízu
33.5
Celkem bodů
Celkový počet nahraných bodů na tomto kvízu bez doplňovacích otázek.
5.
Pořadí na kvízu
Konečné umístění týmu na tomto kvízu.
Zaznamenané odpovědi
| # | Otázka | Odpověď | Body | Výsledky |
|---|---|---|---|---|
| 1. | Dalo by se říci, že pandemie c... | ptačí chřipka, SARS | 1 | |
| 2. | Seřaďte chronologicky historic... | 1D 2B 3A 4C | 0 | |
| 3. | 7. května 2000 se stal poprvé... | C | 0 | |
| 4. | 25. června 2009 celý svět dosl... | zemřel Michael Jackson | 1 | |
| 5. | Jistý bývalý český sportovec u... | desetiboj, Estonec | 0.5 | |
| 6. | Na mapě vidíte seznam míst, ka... | Lara Croft | 1 | |
| 7. | Kterého herce narozeného v roc... | George Clooney | 1 | |
| 8. | V roce 2000 se na obálce časop... | Eva Aichmajerová/Decastelo | 1 | |
| 9. | V tomto tématu nesmíme vynecha... | Mr. Big/Velký/Pan Božský, Jan Šťastný | 0.5 | |
| 10. | Na závěr přiřaďte správně počt... | 1C 2A 3B 4D | 0 |